[Event "World Rapid 2025"]
[Site "Doha QAT"]
[Date "2025.12.26"]
[Round "4.74"]
[White "Muradli, Mahammad"]
[Black "Wafa, Hamed"]
[Result "1-0"]
[WhiteTitle "GM"]
[BlackTitle "IM"]
[WhiteElo "2581"]
[BlackElo "2373"]
[WhiteFideId "13409301"]
[BlackFideId "10628452"]
[EventDate "2025.12.26"]
[EventType "rapid"]

1. d4 Nf6 2. c4 e6 3. Nf3 d5 4. g3 dxc4 5. Bg2 c5 6. O-O Nc6 7. dxc5 Qxd1 8.
Rxd1 Bxc5 9. Nbd2 c3 10. bxc3 O-O 11. Nb3 Be7 12. Nfd4 Nxd4 13. cxd4 Nd5 14. Bd2
f5 15. Na5 b6 16. Nc6 Bf6 17. Rac1 Bb7 18. Rc2 Rfc8 19. Rdc1 Kf7 20. e3 Ke8 21.
Bf1 a6 22. Bg2 Kd7 23. Ne5+ Bxe5 24. dxe5 Rxc2 25. Rxc2 Rc8 26. Rb2 Rc4 27. Bf1
Rc5 28. Bd3 b5 29. e4 Ne7 30. exf5 Nxf5 31. f4 g6 32. Kf2 Bd5 33. g4 Ne7 34. Kg3
Bc4 35. Bb1 Rd5 36. Be4 Rd4 37. Bb7 Rd3+ 38. Kh4 Ra3 39. Bb4 Ra4 40. a3 Nd5 41.
Kg5 a5 42. Bd6 Nxf4 43. Kxf4 Bd5+ 44. Kg5 Bxb7 45. Rxb5 Bf3 46. h3 Bg2 47. Rb3
Bd5 48. Rb2 Rc4 49. Rf2 h5 50. Rf7+ Ke8 51. Rf8+ Kd7 52. gxh5 gxh5 53. Kxh5 Be4
54. Rf7+ Kd8 55. h4 Bf5 56. Ra7 a4 57. Be7+ Ke8 58. Kh6 Rg4 59. Bg5 Kf8 60. h5
Re4 61. Be7+ Ke8 62. Bd6 Rg4 63. Bb4 Rg2 64. Rxa4 Bg4 65. Bd6 Kd7 66. Ra7+ Kc6
67. Rg7 Kd5 68. Rg6 Ke4 69. Kg7 Kf4 70. h6 Rh2 71. Rxg4+ 1-0

[Event "World Rapid 2025"]
[Site "Doha QAT"]
[Date "2025.12.26"]
[Round "4.75"]
[White "Gaehwiler, Gabriel"]
[Black "Gavrilescu, David"]
[Result "0-1"]
[WhiteTitle "IM"]
[BlackTitle "GM"]
[WhiteElo "2382"]
[BlackElo "2542"]
[WhiteFideId "1314530"]
[BlackFideId "1227190"]
[EventDate "2025.12.26"]
[EventType "rapid"]

1. d4 d5 2. c4 e6 3. Nf3 Nf6 4. g3 Bb4+ 5. Bd2 Bd6 6. Qc2 Nbd7 7. Bg5 h6 8. Bxf6
Nxf6 9. Nbd2 O-O 10. Bg2 b6 11. O-O Bb7 12. Ne1 c5 13. cxd5 Nxd5 14. dxc5 Bxc5
15. Nd3 Be7 16. Rac1 Qd7 17. Qb3 Rfc8 18. Ne5 Qe8 19. Ndc4 Ba6 20. Ne3 Nxe3 21.
Qxe3 Rxc1 22. Rxc1 Rc8 23. Rxc8 Qxc8 24. Nc6 Bf6 25. b3 Qd7 26. Bf3 g5 27. Nb8
Qd1+ 28. Kg2 Bb5 29. Qe4 Kg7 30. Nc6 a5 31. Ne5 Qd6 32. Nc4 Qc5 33. Ne3 Bd4 34.
Ng4 h5 35. Ne3 0-1

[Event "World Rapid 2025"]
[Site "Doha QAT"]
[Date "2025.12.26"]
[Round "4.76"]
[White "Warmerdam, Max"]
[Black "Aziz, Husain"]
[Result "1-0"]
[WhiteTitle "GM"]
[BlackTitle "IM"]
[WhiteElo "2573"]
[BlackElo "2256"]
[WhiteFideId "1048104"]
[BlackFideId "12100293"]
[EventDate "2025.12.26"]
[EventType "rapid"]

1. Nf3 d5 2. g3 Bg4 3. Bg2 e6 4. h3 Bh5 5. c4 c6 6. d4 Nd7 7. cxd5 cxd5 8. Nc3
Ngf6 9. Qb3 Qb6 10. Qxb6 Nxb6 11. Ne5 Bb4 12. Bd2 Nfd7 13. Nd3 Bd6 14. e4 Bg6
15. Ke2 dxe4 16. Nxe4 Be7 17. Rac1 Nd5 18. Nf4 N7f6 19. Nxf6+ Bxf6 20. Nxd5 exd5
21. Bxd5 O-O 22. Be3 Rfd8 23. Bxb7 Rab8 24. Rc7 Rxb7 25. Rxb7 Be4 26. Rxa7 Bxh1
27. b4 Bxd4 28. Bxd4 Rxd4 29. b5 h5 30. a4 Rb4 31. Kd3 Bg2 32. Kc3 Rb1 33. h4 g6
34. Kc4 Rb2 35. f4 Kg7 36. Kc5 Rc2+ 37. Kd6 Rd2+ 38. Kc7 Rc2+ 39. Kb8 Rb2 40.
Kc7 Rc2+ 41. Kd8 Rb2 42. Ke8 Re2+ 43. Re7 Rb2 44. Rxf7+ Kh6 45. Ra7 Rb3 46. Kf8
Rxg3 47. Kg8 Bd5+ 48. Kh8 g5 49. Ra6+ 1-0

[Event "World Rapid 2025"]
[Site "Doha QAT"]
[Date "2025.12.26"]
[Round "4.77"]
[White "Salinas Herrera, Pablo"]
[Black "Anand, Tsogtbileg"]
[Result "1-0"]
[WhiteTitle "GM"]
[BlackTitle "CM"]
[WhiteElo "2473"]
[BlackElo "1968"]
[WhiteFideId "3407128"]
[BlackFideId "4926552"]
[EventDate "2025.12.26"]
[EventType "rapid"]

1. e4 c5 2. Nf3 Nc6 3. Bb5 Qc7 4. O-O a6 5. Bxc6 dxc6 6. Re1 e5 7. a4 a5 8. Na3
f6 9. c3 Bg4 10. Nc4 g5 11. d4 cxd4 12. cxd4 Rd8 13. Qb3 Bb4 14. Bd2 Bxf3 15.
Bxb4 axb4 16. Qxf3 Rxd4 17. Ne3 Qd7 18. Nf5 Rd3 19. Qh5+ Qf7 20. Qe2 Rd7 21.
Red1 Qf8 22. Qc4 Kd8 23. a5 Kc7 24. Rxd7+ Kxd7 25. a6 bxa6 26. Rd1+ Kc7 27. Qxa6
Qc5 28. Qa8 Ne7 29. Qxh8 Nxf5 30. Qd8+ Kb7 31. exf5 e4 32. Qxf6 e3 33. fxe3
Qxe3+ 1-0

[Event "World Rapid 2025"]
[Site "Doha QAT"]
[Date "2025.12.26"]
[Round "4.78"]
[White "Agmanov, Zhandos"]
[Black "Alsaqer, Meshal"]
[Result "1-0"]
[WhiteTitle "IM"]
[WhiteElo "2471"]
[BlackElo "1853"]
[WhiteFideId "13708309"]
[BlackFideId "10301771"]
[EventDate "2025.12.26"]
[EventType "rapid"]

1. e4 e6 2. Nf3 d5 3. e5 c5 4. c3 Qb6 5. g3 Nc6 6. Bg2 Nge7 7. O-O Nf5 8. d3 Be7
9. Qe2 O-O 10. Rd1 Bd7 11. Nbd2 f6 12. exf6 Bxf6 13. Nf1 Rae8 14. Ne3 Nce7 15.
Ng4 Ng6 16. Nxf6+ gxf6 17. h4 e5 18. h5 Nge7 19. g4 Nd6 20. Nh4 Kh8 21. g5 Nef5
22. Nxf5 Nxf5 23. Bxd5 fxg5 24. Kh2 h6 25. Rg1 Bc6 26. Be4 Nh4 27. Rg3 Bxe4 28.
dxe4 Qf6 29. Be3 b6 30. Rd1 Rd8 31. Rxd8 Rxd8 32. Qg4 Rd2 33. Bxd2 Qxf2+ 34. Rg2
Nxg2 35. Qxg2 Qh4+ 36. Kg1 Qxh5 37. Be3 Kg7 38. Kf2 Qd1 39. Kg3 Qe1+ 40. Qf2 Qh1
41. Qf5 Qh4+ 42. Kg2 Qe1 43. Qxe5+ Kg6 44. Qe6+ 1-0

[Event "World Rapid 2025"]
[Site "Doha QAT"]
[Date "2025.12.26"]
[Round "4.79"]
[White "Gan-Erdene, Sugar"]
[Black "AlJamaat, Khaled"]
[Result "1-0"]
[WhiteTitle "IM"]
[WhiteElo "2444"]
[BlackElo "1719"]
[WhiteFideId "4902980"]
[BlackFideId "12102415"]
[EventDate "2025.12.26"]
[EventType "rapid"]

1. e4 e5 2. Nf3 Nc6 3. Bb5 a6 4. Ba4 Nf6 5. O-O Bc5 6. c3 b5 7. Bb3 d6 8. d4 Bb6
9. a4 Bb7 10. a5 Ba7 11. Be3 O-O 12. Nbd2 h6 13. h3 Re8 14. d5 Ne7 15. Bxa7 Rxa7
16. Qe2 Ng6 17. Qe3 Ra8 18. Kh2 Qd7 19. c4 Nf4 20. Ng1 Kh8 21. Bd1 Bc8 22. b4 c6
23. Rc1 bxc4 24. Ba4 Bb7 25. Nxc4 N6xd5 26. exd5 Nxd5 27. Qd2 Qe6 28. Ne2 Red8
29. f4 f6 30. Bb3 Qe7 31. Bc2 e4 32. Ng3 e3 33. Qd3 g5 34. Nf5 Qc7 35. Ncxe3
Nxf4 36. Qd4 Rf8 37. Qxd6 Qf7 38. Nxh6 Qa2 39. Qc7 1-0

[Event "World Rapid 2025"]
[Site "Doha QAT"]
[Date "2025.12.26"]
[Round "4.80"]
[White "Harshavardhan, G B"]
[Black "Suleymenov, Alisher"]
[Result "1/2-1/2"]
[WhiteTitle "IM"]
[BlackTitle "GM"]
[WhiteElo "2477"]
[BlackElo "2505"]
[WhiteFideId "25059009"]
[BlackFideId "13707833"]
[EventDate "2025.12.26"]
[EventType "rapid"]

1. d4 Nf6 2. c4 g6 3. Nc3 d5 4. Nf3 Bg7 5. Bf4 O-O 6. Rc1 dxc4 7. e4 c5 8. dxc5
Qa5 9. e5 Rd8 10. Bd2 Ng4 11. Bxc4 Bh6 12. Nd5 Bxd2+ 13. Qxd2 Qxd2+ 14. Nxd2 Nc6
15. Nc7 Rb8 16. e6 f5 17. Nf3 Nge5 18. Nxe5 Nxe5 19. Bb5 a6 20. Be2 b6 21. c6
Rd6 22. O-O Nxc6 23. Nxa6 Bxa6 24. Bxa6 b5 25. Rfd1 Nd4 26. Kf1 Rxa6 27. Rxd4
Rxa2 28. Rd7 Kf8 29. Rcc7 Re8 30. Rd2 Ra1+ 31. Ke2 Ra6 32. Rd5 Rxe6+ 33. Kd2 Rb8
34. f3 b4 35. b3 Kf7 36. Rd4 Ra6 37. f4 Ra2+ 38. Rc2 Ra3 39. Rd3 Rb6 40. g3 Rd6
41. Rxd6 exd6 42. Rb2 Ke6 43. Ke3 Kd5 44. Rd2+ Kc5 45. Rc2+ Kb5 46. Rb2 Ra1 47.
Kd3 Rc1 48. Kd4 Rc3 49. Kd5 Rd3+ 50. Ke6 d5 51. Kd6 Kb6 52. Rb1 Rd2 53. h3 Rd3
54. g4 Rxh3 55. gxf5 gxf5 56. Kxd5 Re3 57. Rh1 Rxb3 58. Kc4 Rf3 59. Kxb4 Rxf4+
60. Kc3 Kc5 61. Rxh7 Re4 62. Kd3 Kd5 63. Ra7 Ke6 64. Ra8 Kf6 65. Rg8 Re7 66. Kd2
f4 67. Rg1 Kf5 68. Re1 Ra7 69. Ke2 Kg4 70. Rg1+ Kf5 71. Rb1 Ra2+ 72. Kf3 Ra3+
73. Kf2 Kg4 74. Rg1+ Rg3 75. Rxg3+ fxg3+ 76. Kg2 Kh4 77. Kg1 Kh3 78. Kh1 g2+ 79.
Kg1 Kg3 1/2-1/2

[Event "World Rapid 2025"]
[Site "Doha QAT"]
[Date "2025.12.26"]
[Round "4.81"]
[White "Gokerkan, Cem Kaan"]
[Black "Al-Janahi, Ibrahim"]
[Result "1-0"]
[WhiteTitle "GM"]
[WhiteElo "2510"]
[BlackElo "1656"]
[WhiteFideId "6336760"]
[BlackFideId "12102385"]
[EventDate "2025.12.26"]
[EventType "rapid"]

1. Nf3 Nf6 2. g3 d5 3. Bg2 g6 4. b3 Bg7 5. Bb2 O-O 6. c4 e6 7. O-O b6 8. d4 Bb7
9. Nbd2 Nbd7 10. Rc1 c5 11. dxc5 bxc5 12. cxd5 exd5 13. Ne5 Qc7 14. Nxd7 Nxd7
15. Bxg7 Kxg7 16. b4 c4 17. e4 Ba6 18. a4 c3 19. b5 Bb7 20. Nb1 dxe4 21. Nxc3
Qd8 22. Nxe4 Ne5 23. Qb3 Qd5 24. Qb2 f6 25. Rfd1 Qe6 26. Nc5 Nc4 1-0

[Event "World Rapid 2025"]
[Site "Doha QAT"]
[Date "2025.12.26"]
[Round "4.82"]
[White "Chekh Adm Khedr, Aram"]
[Black "Sankalp, Gupta"]
[Result "0-1"]
[WhiteTitle "FM"]
[BlackTitle "GM"]
[WhiteElo "2139"]
[BlackElo "2557"]
[WhiteFideId "7601948"]
[BlackFideId "5097010"]
[EventDate "2025.12.26"]
[EventType "rapid"]

1. e4 e6 2. d4 d5 3. Nd2 c5 4. Ngf3 cxd4 5. exd5 Qxd5 6. Bc4 Qd7 7. O-O Nc6 8.
Nb3 a6 9. Nbxd4 Nxd4 10. Nxd4 Qc7 11. Be2 Bd6 12. h3 Ne7 13. Bf3 O-O 14. Nb3 e5
15. c4 Rd8 16. Be3 e4 17. Bxe4 Bh2+ 18. Kh1 Rxd1 19. Raxd1 Bf5 20. Bxb7 Qxb7 21.
Kxh2 Bc2 22. Rd2 Bxb3 23. axb3 Qxb3 24. c5 h6 25. Rfd1 Rc8 26. Ra1 Nf5 27. Bf4
Qb4 28. g3 g5 29. Rd5 Qxb2 30. Rf1 Ne7 31. Rd2 Qb5 32. Re1 gxf4 33. Rxe7 fxg3+ 0-1

[Event "World Rapid 2025"]
[Site "Doha QAT"]
[Date "2025.12.26"]
[Round "4.83"]
[White "Yilmaz, Mustafa"]
[Black "Morris, James"]
[Result "1/2-1/2"]
[WhiteTitle "GM"]
[BlackTitle "IM"]
[WhiteElo "2595"]
[BlackElo "2422"]
[WhiteFideId "6302718"]
[BlackFideId "3205800"]
[EventDate "2025.12.26"]
[EventType "rapid"]

1. d4 Nf6 2. c4 e6 3. Nf3 Bb4+ 4. Nbd2 b6 5. a3 Bxd2+ 6. Nxd2 Bb7 7. e3 c5 8.
dxc5 bxc5 9. b3 O-O 10. Bb2 d5 11. cxd5 Qxd5 12. Nc4 Nbd7 13. Qxd5 Bxd5 14. f3
Rab8 15. e4 Rxb3 16. Bxf6 Nxf6 17. Na5 Rb2 18. exd5 exd5 19. O-O-O Rfb8 20. Bd3
Rxg2 21. Rd2 Rxd2 22. Kxd2 Rb2+ 23. Bc2 Ra2 24. Rb1 g6 25. a4 c4 26. Nc6 Nd7 27.
Rb5 Kg7 28. Rxd5 Nb6 29. Ra5 Ra3 30. Nd4 Kf6 31. Rxa7 Ke5 32. Nc6+ Kd6 33. Nd8
Rxf3 34. Nxf7+ Kc5 35. h4 Rf2+ 36. Kd1 Nd5 37. Kc1 Nb4 38. Be4 Kd4 39. Ng5 h6
40. Rd7+ Kc3 41. Rf7 Rh2 42. Kd1 hxg5 43. hxg5 Rh5 44. Bxg6 Rxg5 45. Bh7 Kb3 46.
Rb7 Rg1+ 47. Ke2 Kxa4 48. Rc7 Kb3 49. Bf5 Rg5 50. Be4 Re5 51. Kf3 c3 52. Bh7 Re8
53. Bg6 Rf8+ 54. Ke2 Kb2 55. Rb7 Rf4 56. Ke3 Rh4 57. Be4 c2 58. Bxc2 Kxc2 59.
Kf3 Nd5 60. Ra7 Rd4 61. Ra2+ Kd3 62. Ra3+ Nc3 63. Ra8 Rd7 64. Kf4 Kd4 65. Kf5
Re7 66. Ra5 Re8 67. Ra7 Re5+ 68. Kf4 Nd5+ 69. Kf3 Rf5+ 70. Kg4 Rf8 71. Ra4+ Ke5
72. Kg3 Nc3 73. Ra5+ Ke4 74. Ra7 Ne2+ 75. Kg2 Ke3 76. Ra3+ Ke4 77. Ra4+ Nd4 78.
Ra7 Kf4 79. Ra4 Rd8 80. Kf2 Ke4 81. Ra7 Rf8+ 82. Kg2 Nc2 83. Re7+ Kd3 84. Kg3
Ne3 85. Ra7 Nf5+ 86. Kg4 Ke4 87. Ra4+ Nd4 88. Kg3 Rg8+ 89. Kf2 Rb8 90. Kg3 Rd8
91. Kf2 Kf4 92. Rb4 Ke4 93. Ra4 Kd3 94. Ra3+ Kd2 95. Ra2+ Nc2 96. Kf3 Kd3 97.
Kf4 Rf8+ 98. Ke5 1/2-1/2

[Event "World Rapid 2025"]
[Site "Doha QAT"]
[Date "2025.12.26"]
[Round "4.84"]
[White "Zhang, Zhong"]
[Black "Cunha, Lucas Aguiar"]
[Result "1-0"]
[WhiteTitle "GM"]
[BlackTitle "FM"]
[WhiteElo "2561"]
[BlackElo "2263"]
[WhiteFideId "8600694"]
[BlackFideId "2125404"]
[EventDate "2025.12.26"]
[EventType "rapid"]

1. e4 c5 2. Nf3 e6 3. c3 Nf6 4. e5 Nd5 5. d4 cxd4 6. cxd4 d6 7. Bc4 Bd7 8. Bxd5
exd5 9. O-O Be7 10. Nc3 Be6 11. Qb3 dxe5 12. Nxe5 Nc6 13. Nxc6 bxc6 14. Bf4 O-O
15. Na4 Qa5 16. Rac1 Rfc8 17. Nc5 Bf5 18. a3 Qb6 19. Qc3 Bxc5 20. dxc5 Qd8 21.
Bd6 Qh4 22. Qe5 Be4 23. Be7 Re8 24. Qxg7+ Kxg7 25. Bxh4 Rab8 26. b4 a5 27. Bg3
Rb5 28. Rfe1 f6 29. f3 Bg6 30. Rxe8 Bxe8 31. Be1 axb4 32. Bxb4 Bg6 33. Kf2 d4
34. Rd1 d3 35. Ke3 Rb8 36. Kd2 Kf7 37. Re1 Ra8 38. Re3 h5 39. g3 Bf5 40. Re1 Ra7
41. Ke3 Ra8 42. Rd1 Bg6 43. h3 Re8+ 44. Kf4 Ra8 45. Re1 Rd8 46. g4 Rd4+ 47. Ke3
Rc4 48. Rd1 hxg4 49. hxg4 Rc2 50. Rd2 Rc1 51. f4 Ke7 52. f5 Bf7 53. Rxd3 Bd5 54.
Kf2 Rc4 55. Re3+ Kf7 56. Kg3 Rd4 57. Ba5 Rc4 58. Bd8 Be4 59. Bc7 Rd4 60. Bd6 Ra4
61. Rb3 Bc2 62. Rb7+ Kg8 63. Rc7 Bd1 64. Rxc6 Rxa3+ 65. Kf2 Bxg4 66. Rc8+ Kg7
67. c6 Bxf5 68. Rc7+ Kg6 69. Bxa3 1-0

[Event "World Rapid 2025"]
[Site "Doha QAT"]
[Date "2025.12.26"]
[Round "4.85"]
[White "Dau Khuong Duy"]
[Black "Sasikiran, Krishnan"]
[Result "1/2-1/2"]
[WhiteTitle "IM"]
[BlackTitle "GM"]
[WhiteElo "2489"]
[BlackElo "2538"]
[WhiteFideId "12424722"]
[BlackFideId "5004985"]
[EventDate "2025.12.26"]
[EventType "rapid"]

1. e4 c6 2. d4 d5 3. e5 Bf5 4. c4 e6 5. Nc3 Ne7 6. Nf3 h6 7. Bd3 dxc4 8. Bxc4
Nd7 9. Bd3 Nb6 10. Bxf5 Nxf5 11. O-O Qd7 12. Ne4 Rd8 13. Be3 Qd5 14. Nc3 Qa5 15.
Qe2 Bb4 16. Ne4 Qd5 17. Ng3 Qc4 18. Qd1 Be7 19. Qb1 Nxg3 20. hxg3 O-O 21. b3 Qd5
22. g4 f5 23. exf6 Rxf6 24. Ne5 Bd6 25. g5 Rf5 26. gxh6 Bxe5 27. dxe5 Qxe5 28.
Rd1 Nd5 29. g4 Rf3 30. Qg6 Rxe3 31. fxe3 Qg3+ 32. Kh1 Qh3+ 33. Kg1 Qg3+ 34. Kh1
Qh3+ 35. Kg1 Qxe3+ 36. Kh1 Qh3+ 37. Kg1 Qg3+ 38. Kh1 Qh3+ 1/2-1/2

[Event "World Rapid 2025"]
[Site "Doha QAT"]
[Date "2025.12.26"]
[Round "4.86"]
[White "Balakrishnan, Praveen"]
[Black "Petrov, Nikita"]
[Result "0-1"]
[WhiteTitle "GM"]
[BlackTitle "GM"]
[WhiteElo "2507"]
[BlackElo "2578"]
[WhiteFideId "2064871"]
[BlackFideId "4101286"]
[EventDate "2025.12.26"]
[EventType "rapid"]

1. e4 e5 2. Nf3 Nc6 3. Bb5 a6 4. Ba4 Bc5 5. c3 Nge7 6. O-O Ng6 7. d4 Ba7 8. Re1
O-O 9. Be3 d6 10. h3 h6 11. Nbd2 exd4 12. cxd4 Nce7 13. Nf1 c6 14. Ng3 d5 15. e5
f6 16. Bc2 fxe5 17. Nxe5 Nxe5 18. dxe5 d4 19. Bc1 Be6 20. Qd3 Nf5 21. b4 Qd7 22.
Ne4 b5 23. Nd6 Bb8 24. Nxf5 Bxf5 25. Bb3+ Kh8 26. Qd2 Ba7 27. Bb2 Rad8 28. e6
Qe7 29. Rad1 Kh7 30. Re5 Bg6 31. Kh1 Bb8 32. Ree1 Bf4 33. Qe2 d3 34. Qf1 d2 35.
Re2 Bd3 36. g3 Be3 37. Bc2 Bxc2 38. Rxe3 Bxd1 39. Qxd1 Rxf2 40. Kg1 Rdf8 41. Rd3
Qxe6 42. Rxd2 Rf1+ 43. Qxf1 Rxf1+ 44. Kxf1 Qxh3+ 45. Rg2 Qh1+ 46. Kf2 Qb1 47.
Ke3 0-1

[Event "World Rapid 2025"]
[Site "Doha QAT"]
[Date "2025.12.26"]
[Round "4.87"]
[White "Sharan, Rao"]
[Black "Can, Emre"]
[Result "0-1"]
[WhiteTitle "IM"]
[BlackTitle "GM"]
[WhiteElo "2341"]
[BlackElo "2541"]
[WhiteFideId "5073464"]
[BlackFideId "6302181"]
[EventDate "2025.12.26"]
[EventType "rapid"]

1. Nf3 c5 2. b3 d5 3. e3 a6 4. Bb2 Nc6 5. Be2 Nf6 6. O-O e6 7. d4 cxd4 8. Nxd4
Bd6 9. Nxc6 bxc6 10. c4 O-O 11. Nc3 Bb7 12. Rc1 Qe7 13. Qc2 e5 14. Rfd1 Rad8 15.
Na4 Rfe8 16. Bf1 h5 17. h3 h4 18. Bc3 e4 19. cxd5 Nxd5 20. Bc4 Qg5 21. Bxd5 cxd5
22. Ba5 Rc8 23. Qb2 Rxc1 24. Rxc1 Re6 25. Bc7 Rg6 26. f4 exf3 27. Bxd6 Qxe3+ 28.
Kh2 Rxg2+ 29. Qxg2 fxg2 30. Rg1 d4 31. Nc5 Bf3 32. Nxa6 d3 33. Nc5 0-1

[Event "World Rapid 2025"]
[Site "Doha QAT"]
[Date "2025.12.26"]
[Round "4.88"]
[White "Pranesh, M"]
[Black "Zverev, Lev"]
[Result "1-0"]
[WhiteTitle "GM"]
[BlackTitle "IM"]
[WhiteElo "2627"]
[BlackElo "2453"]
[WhiteFideId "35028600"]
[BlackFideId "24250775"]
[EventDate "2025.12.26"]
[EventType "rapid"]

1. e4 e5 2. Nf3 Nc6 3. Nc3 Nf6 4. Bb5 Nd4 5. Ba4 c6 6. Nxe5 b5 7. Bb3 Qe7 8. Nf3
Nxb3 9. axb3 b4 10. Ne2 Nxe4 11. O-O Nc5 12. d4 Ne6 13. d5 cxd5 14. Qxd5 Nc7 15.
Qd3 Qd6 16. Ned4 Bb7 17. Re1+ Ne6 18. Bg5 Rc8 19. Rxa7 Qb6 20. Ne5 Rc7 21. Qf5
f6 22. Nxd7 Rxd7 23. Nxe6 Re7 24. Be3 Qc6 25. Qh3 f5 26. Nd4 Qd5 27. Nxf5 Re5
28. Rea1 g6 29. Nh4 Bd6 30. Nxg6 Rg8 31. Rxb7 Qxb7 32. Nxe5 Bxe5 33. Qe6+ Kf8
34. Bc5+ Kg7 35. Ra7 Qxa7 36. Qxe5+ Kh6 37. Bxa7 Rf8 38. Be3+ Kg6 1-0

[Event "World Rapid 2025"]
[Site "Doha QAT"]
[Date "2025.12.26"]
[Round "4.89"]
[White "Le, Tuan Minh"]
[Black "Mamedov, Edgar"]
[Result "1-0"]
[WhiteTitle "GM"]
[BlackTitle "GM"]
[WhiteElo "2598"]
[BlackElo "2492"]
[WhiteFideId "12401153"]
[BlackFideId "13739980"]
[EventDate "2025.12.26"]
[EventType "rapid"]

1. d4 d5 2. c4 e6 3. Nf3 Nf6 4. Nc3 c6 5. Bg5 Be7 6. e3 O-O 7. Qc2 h6 8. Bf4
Nbd7 9. cxd5 Nxd5 10. Bg3 Nxc3 11. bxc3 b6 12. Bd3 Bb7 13. O-O c5 14. Qe2 Nf6
15. e4 Rc8 16. Rfd1 cxd4 17. cxd4 Qe8 18. a4 Rc3 19. a5 Qc8 20. axb6 axb6 21.
Be5 Nd7 22. Bf4 Nf6 23. Bd2 Rxd3 24. Qxd3 Bxe4 25. Qe2 Qb7 26. Ne1 b5 27. f3 Bf5
28. Nd3 b4 29. Nc5 Bxc5 30. dxc5 b3 31. Bc3 Nd5 32. Bb2 Qc7 33. Qc4 Rb8 34. Rxd5
exd5 35. Qd4 Kf8 36. Qxg7+ Ke8 37. Re1+ Be4 38. fxe4 Qxc5+ 39. Bd4 Qb4 40. Re3
b2 41. exd5+ Kd8 42. Qf6+ 1-0

[Event "World Rapid 2025"]
[Site "Doha QAT"]
[Date "2025.12.26"]
[Round "4.90"]
[White "Ponkratov, Pavel"]
[Black "Nainys, Zanas"]
[Result "0-1"]
[WhiteTitle "GM"]
[WhiteElo "2587"]
[BlackElo "2307"]
[WhiteFideId "4157800"]
[BlackFideId "12844098"]
[EventDate "2025.12.26"]
[EventType "rapid"]

1. e4 e6 2. d4 d5 3. Nc3 Nf6 4. e5 Nfd7 5. f4 c5 6. Nce2 Nc6 7. Nf3 a6 8. c3 b5
9. h4 b4 10. c4 Nb6 11. cxd5 Nxd5 12. Ng3 Bb7 13. dxc5 Bxc5 14. Ne4 Qb6 15. Qc2
Be7 16. Qf2 Qxf2+ 17. Kxf2 f5 18. Neg5 Bc5+ 19. Kg3 Ke7 20. Bc4 Na5 21. Be2 h6
22. Nh3 Nc6 23. Bd2 Nd4 24. Bd1 a5 25. Rc1 Nxf3 26. Bxf3 Rac8 27. h5 Bd4 28. b3
Ba6 29. Bxd5 exd5 30. Ng1 Bb2 31. Rd1 Rc2 32. Be1 d4 33. Bf2 Rd8 34. Nf3 d3 35.
Be3 Bc3 36. a3 bxa3 37. Bc5+ Ke6 38. Bxa3 Bb7 39. Bd6 Be4 40. Rhf1 Rxd6 41. exd6
Kxd6 42. Rf2 Kc5 43. Ne5 Kb4 44. Rff1 Rxg2+ 45. Kh3 d2 0-1

[Event "World Rapid 2025"]
[Site "Doha QAT"]
[Date "2025.12.26"]
[Round "4.91"]
[White "Jacobson, Brandon"]
[Black "Sklokin, Sergey"]
[Result "0-1"]
[WhiteTitle "GM"]
[BlackTitle "FM"]
[WhiteElo "2583"]
[BlackElo "2407"]
[WhiteFideId "30901561"]
[BlackFideId "55730230"]
[EventDate "2025.12.26"]
[EventType "rapid"]

1. c4 e6 2. Nc3 d5 3. d4 Nf6 4. cxd5 exd5 5. Bg5 c6 6. e3 h6 7. Bh4 Be7 8. Bd3
O-O 9. Nge2 Re8 10. O-O Nbd7 11. Rc1 Nf8 12. f3 b5 13. Bf2 Ne6 14. Ng3 a6 15.
Nce2 c5 16. dxc5 Bxc5 17. Kh1 Qb6 18. Nf5 Bb7 19. Ned4 Nxd4 20. exd4 Bf8 21. Bg3
Rac8 22. Qd2 Nh5 23. Be5 Nf6 24. Qf4 Nd7 25. Bxg7 Bxg7 26. Nxg7 Kxg7 27. Qg4+
Kf8 28. Qxd7 Rxc1 29. Rxc1 Qxd4 30. Bf1 Qf4 31. Rd1 Re7 32. Qd8+ Re8 33. Qb6 Re7
34. Qc5 Qf6 35. Kg1 Qxb2 36. Qd6 Qe5 37. Qxh6+ Ke8 38. h4 d4 39. Qh7 Re6 40.
Qg8+ Ke7 41. Qg4 Bd5 42. a3 Rg6 43. Qxd4 Qxd4+ 44. Rxd4 Bxf3 45. Kf2 Bg4 46. Bd3
f5 47. Ke3 Bh5 48. Bxf5 Rxg2 49. Kf4 Be8 50. Re4+ Kf8 51. Ke5 Rg7 52. Kd6 Rg3
53. Rf4 Kg7 54. Ke7 Bh5 55. Be6 Rxa3 56. Rf5 Bg6 57. Rg5 Kh6 58. Bd5 Ra1 59. Re5
b4 60. Kd6 a5 61. Kc5 Ra3 62. Re6 Kg7 63. Rb6 Ra1 64. Rb7+ Kh6 65. Rb6 Kg7 66.
Rb7+ Kf6 67. Rb6+ Kf5 68. Bb3 Be8 69. Rb8 Bd7 70. Rd8 Ba4 71. Rf8+ Kg4 72. Be6+
Kxh4 73. Ra8 Bd1 74. Bc4 b3 75. Rb8 a4 76. Bd3 0-1

[Event "World Rapid 2025"]
[Site "Doha QAT"]
[Date "2025.12.26"]
[Round "4.92"]
[White "Ahmad, Khagan"]
[Black "Alexakis, Dimitris"]
[Result "1-0"]
[WhiteTitle "IM"]
[BlackTitle "GM"]
[WhiteElo "2472"]
[BlackElo "2544"]
[WhiteFideId "13431552"]
[BlackFideId "4277023"]
[EventDate "2025.12.26"]
[EventType "rapid"]

1. e4 c5 2. Nf3 e6 3. c3 d5 4. exd5 Qxd5 5. d4 Nf6 6. Na3 Nc6 7. Be3 cxd4 8. Nb5
Qd7 9. Nbxd4 Nxd4 10. Bxd4 a6 11. Ne5 Qc7 12. Qa4+ Nd7 13. O-O-O f6 14. Nf3 Qc6
15. Qc2 g6 16. Bd3 Bh6+ 17. Kb1 e5 18. h4 exd4 19. Rhe1+ Ne5 20. Nxe5 fxe5 21.
Rxe5+ Kf8 22. Rde1 Bg7 23. Qe2 Bf6 24. Re8+ Kg7 25. Re7+ Kf8 26. Bc4 Bf5+ 27.
Ka1 Qxc4 28. Qxc4 Bxe7 29. g4 Bc8 30. Qxd4 Rg8 31. Qf4+ Ke8 32. Qe5 Be6 33. Qxe6
Rg7 34. f4 Kf8 35. f5 Bxh4 36. Rh1 Re8 37. Qd6+ Be7 38. Qf4 gxf5 39. Qxf5+ Rf7
40. Qc2 Bg5 41. a3 h6 42. Ka2 Kg7 43. Rd1 Ree7 44. Rd6 Bf6 45. Qd3 Re5 46. Rd7
b5 47. Rd6 a5 48. Rd5 b4 49. Rxe5 Bxe5 50. Qd5 Bf6 51. axb4 axb4 52. cxb4 Ra7+
53. Kb3 Re7 54. Qd3 Bg5 55. Ka4 Ra7+ 56. Kb5 Rb7+ 57. Kc6 Rf7 58. b5 Rf6+ 59.
Kc5 Bh4 60. Qd7+ Kg6 61. Qe8+ Kg7 62. Kb4 Bf2 63. Qe7+ Kg6 64. Qe4+ Kg7 65. Qb7+
Rf7 66. Qd5 Rf6 67. Ka5 Kf8 68. Qd8+ Kf7 69. b6 Be1+ 70. Kb5 Bg3 71. b7 Rf2 72.
Qd7+ Kg6 73. Qd3+ 1-0

[Event "World Rapid 2025"]
[Site "Doha QAT"]
[Date "2025.12.26"]
[Round "4.93"]
[White "Haug, Havard"]
[Black "Mamedyarov, Shakhriyar"]
[Result "0-1"]
[WhiteTitle "FM"]
[BlackTitle "GM"]
[WhiteElo "2416"]
[BlackElo "2730"]
[WhiteFideId "1547887"]
[BlackFideId "13401319"]
[EventDate "2025.12.26"]
[EventType "rapid"]

1. d4 f5 2. Nc3 d5 3. Bf4 Nf6 4. Nf3 e6 5. a3 Bd6 6. e3 O-O 7. Bd3 b6 8. Ne5 a6
9. g4 Nxg4 10. Nxg4 Bxf4 11. exf4 fxg4 12. h3 Qh4 13. Qxg4 Rxf4 14. Qg2 Rf7 15.
O-O-O Nc6 16. Ne2 Rxf2 17. Qg4 Qxg4 18. hxg4 g6 19. Rh6 e5 20. Bxg6 Kg7 21.
Rxh7+ Kxg6 22. Rxc7 Rxe2 23. Rxc6+ Kg5 24. dxe5 Bxg4 25. Rg1 b5 26. Rc7 Rg8 27.
Rc6 Kf4 28. Kb1 Be6 29. Rxg8 Bxg8 30. Rxa6 Kxe5 31. Ra8 Rg2 32. Rc8 d4 33. b3
Bd5 34. Kc1 d3 35. cxd3 Kd4 36. Rd8 Ra2 37. Rb8 Kc3 38. Rc8+ Kd4 39. Rb8 Kc3 40.
Rc8+ Kxd3 41. Rd8 Kc3 42. Kb1 Rd2 43. Kc1 Rc2+ 44. Kb1 0-1